Hijab butch blues /

সংরক্ষণ করুন:
গ্রন্থ-পঞ্জীর বিবরন
প্রধান লেখক: H, Lamya, (19..-...) (লেখক)
অন্যান্য লেখক: Rivetti, Paola, (1981- ) (ভূমিকা রচয়িতা, ইত্যাদি), Dalla Negra, Cecilia (ভূমিকা রচয়িতা, ইত্যাদি)
বিন্যাস: গ্রন্থ
ভাষা:ইতালিয়
প্রকাশিত: [Morlupo] : Le plurali, 2024
মালা:Le cantastorie ; 6
ট্যাগগুলো: ট্যাগ যুক্ত করুন
কোনো ট্যাগ নেই, প্রথমজন হিসাবে ট্যাগ করুন!

MARC

LEADER 00000nam a22000007i 4500
001 IT\ICCU\UBO\4850719
003 ItRI
005 20250804172815.0
008 250109s2024 it |||||| ||||| |||||c
020 |a 9791280559463 
040 |b ita  |c Arcigay Queer VdA 
041 7 |a ita  |2 ISO-639-2 
100 1 |a H, Lamya,  |d  (19..-...)  |0 IT\ICCU\UBOV\152512  |4 aut 
240 1 0 |a Hijab butch blues  |9 H, Lamya <19..-...> 
245 1 0 |a Hijab butch blues /  |c Lamya H. ; traduzione di Beatrice Grassi ; prefazione di Cecilia Dalla Negra e Paola Rivetti. 
260 |a [Morlupo] :  |b Le plurali,  |c 2024 
300 |a 297 p. ;  |c 20 cm 
500 |a In copertina: voci kwir 
700 1 |a Rivetti, Paola,  |d  (1981- )  |0 IT\ICCU\CFIV\256715  |4 aui 
700 1 |a Dalla Negra, Cecilia  |0 IT\ICCU\UBOV\462725  |4 aui 
830 3 |a Le cantastorie ;  |v 6  |0 IT\ICCU\VIA\0475429 
942 |2 ddc  |c BK 
952 |0 0  |1 0  |2 ddc  |4 0  |6 813_600000000000000_LAM_HIJ  |7 0  |9 9427  |a AO  |b AO  |d 2025-08-04  |l 0  |o 813.6 LAM HIJ  |p 11536  |r 2025-08-04 17:29:03  |w 2025-08-04  |x donato dal reparto di Psichiatria AUSL  |y BK 
981 1 |6 z01  |a i   |b xxxe  
982 1 |6 z01  |a n 
999 |c 7865  |d 7865